Stone soup : (Record no. 111670)
[ view plain ]
| 000 -LEADER | |
|---|---|
| fixed length control field | 00625nam a2200193 a 4500 |
| 001 - CONTROL NUMBER | |
| control field | 3995 |
| 005 - DATE AND TIME OF LATEST TRANSACTION | |
| control field | 20140414131919.0 |
| 008 - FIXED-LENGTH DATA ELEMENTS--GENERAL INFORMATION | |
| fixed length control field | 040601s19uu xx 00 eng d |
| 020 ## - INTERNATIONAL STANDARD BOOK NUMBER | |
| International Standard Book Number | 0-8136-3556-X |
| 050 ## - LIBRARY OF CONGRESS CALL NUMBER | |
| Classification number | ER |
| Item number | St7 1987 |
| 100 ## - MAIN ENTRY--PERSONAL NAME | |
| Personal name | O'Toole, Mary |
| 245 ## - TITLE STATEMENT | |
| Title | Stone soup : |
| Remainder of title | an old Irish tale / |
| Statement of responsibility, etc | retold by Mary O'Toole; illustrated by Christopher Meadows. |
| 260 ## - PUBLICATION, DISTRIBUTION, ETC. (IMPRINT) | |
| Place of publication, distribution, etc | Hong Kong : |
| Name of publisher, distributor, etc | Modern Curriculum, |
| Date of publication, distribution, etc | 1987. |
| 300 ## - PHYSICAL DESCRIPTION | |
| Extent | 8 p. : ill. ; cm. |
| 520 ## - SUMMARY, ETC. | |
| Summary, etc | It tells about an old man who was cold and hungry and wanted sone food. |
| 650 ## - SUBJECT ADDED ENTRY--TOPICAL TERM | |
| Topical term or geographic name as entry element | Folklore--Ireland. |
| 650 ## - SUBJECT ADDED ENTRY--TOPICAL TERM | |
| Topical term or geographic name as entry element | Children stories. |
| Withdrawn status | Lost status | Damaged status | Use restrictions | Home library | Current library | Shelving location | Date acquired | Source of acquisition | Total Checkouts | Full call number | Barcode | Date last seen | Price effective from | Koha item type |
|---|---|---|---|---|---|---|---|---|---|---|---|---|---|---|
| Munich Library | Munich Library | Easy Reading Section | 06/01/2004 | ER St7 1987 | M2525 | 04/14/2014 | 04/14/2014 | Books |